Govt. of
Madhya Pradesh

Toote Kante (Record no. 15539)

MARC details
000 -LEADER
fixed length control field 005090000a22001930004500
001 - CONTROL NUMBER
control field 003642
003 - CONTROL NUMBER IDENTIFIER
control field MACL
005 - DATE AND TIME OF LATEST TRANSACTION
control field 20150915115106.0
008 - FIXED-LENGTH DATA ELEMENTS--GENERAL INFORMATION
fixed length control field 150915b xxu||||| |||| 00| 0 eng d
040 ## - CATALOGING SOURCE
Original cataloging agency MACL
Transcribing agency MACL
041 ## - LANGUAGE CODE
Language code of text/sound track or separate title English
082 ## - DEWEY DECIMAL CLASSIFICATION NUMBER
Classification number 823.30/VER
100 ## - MAIN ENTRY--PERSONAL NAME
Personal name Verma Dr. Vrindavan Lal,
9 (RLIN) 10958
245 ## - TITLE STATEMENT
Title Toote Kante
Remainder of title The broken thorns
Statement of responsibility, etc. Verma Dr. Vrindavan Lal
260 ## - PUBLICATION, DISTRIBUTION, ETC. (IMPRINT)
Place of publication, distribution, etc. New Delhi
Date of publication, distribution, etc. 1994
Name of publisher, distributor, etc. Diamond Publications,
350 ## - PRICE (NR) (BK AM CF MU VM SE) [OBSOLETE]
Price 150
650 ## - SUBJECT ADDED ENTRY--TOPICAL TERM
Topical term or geographic name as entry element Literature
9 (RLIN) 10960
942 ## - ADDED ENTRY ELEMENTS (KOHA)
Call number prefix 823
Koha item type Books
Source of classification or shelving scheme
Holdings
Withdrawn status Lost status Source of classification or shelving scheme Damaged status Not for loan Home library Current library Date acquired Cost, normal purchase price Total Checkouts Full call number Barcode Date last seen Uniform Resource Identifier Price effective from Koha item type
          MACL MACL 15/04/2015 150.00   823.30/VER CRE010237 02/05/2024 15437 15/04/2015 Books